Risk management and insurance / (Record no. 2971)
[ view plain ]
| 000 -LEADER | |
|---|---|
| fixed length control field | 00863pam a2200253 a 4500 |
| 001 - CONTROL NUMBER | |
| control field | 1617578 |
| 005 - DATE AND TIME OF LATEST TRANSACTION | |
| control field | 20250124102440.0 |
| 008 - FIXED-LENGTH DATA ELEMENTS--GENERAL INFORMATION | |
| fixed length control field | 951006s1996 mnua b 001 0 eng |
| 020 ## - INTERNATIONAL STANDARD BOOK NUMBER | |
| International Standard Book Number | 0314064273 (hard : alk. paper) |
| 020 ## - INTERNATIONAL STANDARD BOOK NUMBER | |
| International Standard Book Number | 9780314064271 |
| 050 00 - LIBRARY OF CONGRESS CALL NUMBER | |
| Classification number | HG8051 |
| Item number | .A82 1996 |
| 082 00 - DEWEY DECIMAL CLASSIFICATION NUMBER | |
| Classification number | 368/.01 |
| Edition information | 20 |
| 100 ## - MAIN ENTRY--PERSONAL NAME | |
| Personal name | Pritchett S. Travis |
| 245 00 - TITLE STATEMENT | |
| Title | Risk management and insurance / |
| Statement of responsibility, etc. | S. Travis Pritchett ... [et al.]. |
| 250 ## - EDITION STATEMENT | |
| Edition statement | 7th ed. |
| 260 ## - PUBLICATION, DISTRIBUTION, ETC. | |
| Place of publication, distribution, etc. | Minneapolis/St. Paul, Minn. : |
| Name of publisher, distributor, etc. | West Pub. Co., |
| Date of publication, distribution, etc. | c1996. |
| 300 ## - PHYSICAL DESCRIPTION | |
| Extent | xxx, 785 p. : |
| Other physical details | ill. ; |
| Dimensions | 26 cm. |
| 500 ## - GENERAL NOTE | |
| General note | Rev. ed. of: Risk and insurance / James L. Athearn, S. Travis Pritchett, Joan T. Schmit. 6th ed. c1989. |
| 650 #0 - SUBJECT ADDED ENTRY--TOPICAL TERM | |
| Topical term or geographic name entry element | Insurance. |
| 650 #0 - SUBJECT ADDED ENTRY--TOPICAL TERM | |
| Topical term or geographic name entry element | Risk (Insurance) |
| 700 1# - ADDED ENTRY--PERSONAL NAME | |
| Personal name | Pritchett, S. Travis. |
| 700 1# - ADDED ENTRY--PERSONAL NAME | |
| Personal name | Athearn, James L. |
| Title of a work | Risk and insurance. |
| 942 ## - ADDED ENTRY ELEMENTS (KOHA) | |
| Source of classification or shelving scheme | Library of Congress Classification |
| Koha item type | Books |
| Edition | 7th Ed. |
| Suppress in OPAC | No |
| 999 ## - | |
| -- | 2971 |
| -- | 2971 |
| Withdrawn status | Lost status | Source of classification or shelving scheme | Damaged status | Not for loan | Collection | Home library | Current library | Shelving location | Date acquired | Total checkouts | Full call number | Barcode | Date last seen | Copy number | Price effective from | Koha item type |
|---|---|---|---|---|---|---|---|---|---|---|---|---|---|---|---|---|
| Library of Congress Classification | Non-fiction | Business Library (Miotso) | Business Library (Miotso) | General stacks | 01/22/2025 | HG8051 .A82 1996 | BSSM00000591 | 01/24/2025 | 1 | 01/22/2025 | Books | |||||
| Library of Congress Classification | Non-fiction | Business Library (Miotso) | Business Library (Miotso) | General stacks | 01/22/2025 | HG8051 .A82 1996 | BSSM00000592 | 01/24/2025 | 2 | 01/22/2025 | Books | |||||
| Library of Congress Classification | Non-fiction | Business Library (Miotso) | Business Library (Miotso) | General stacks | 01/22/2025 | HG8051 .A82 1996 | BSSM00000593 | 01/24/2025 | 3 | 01/22/2025 | Books | |||||
| Library of Congress Classification | Non-fiction | Business Library (Miotso) | Business Library (Miotso) | General stacks | 01/22/2025 | HG8051 .A82 1996 | BSSM00000594 | 01/24/2025 | 4 | 01/22/2025 | Books | |||||
| Library of Congress Classification | Non-fiction | Business Library (Miotso) | Business Library (Miotso) | General stacks | 01/22/2025 | HG8051 .A82 1996 | BSSM00000595 | 01/24/2025 | 5 | 01/22/2025 | Books |